Statistics for Musical Artists by Number 1 Hits

Click here to take the quiz!

General Stats

  • This quiz has been taken 128 times
  • The average score is 8 of 21

Answer Stats

Number of #1 SongsArtist% Correct
20The Beatles
87%
9Taylor Swift
72%
13Michael Jackson
66%
9The Rolling Stones
50%
8Beyoncé
49%
12Drake
47%
10Janet Jackson
47%
12Madonna
45%
14Rihanna
45%
8George Michael
41%
9Elton John
36%
8Justin Bieber
36%
9Katy Perry
35%
11Whitney Houston
33%
19Mariah Carey
29%
8Bruno Mars
20%
9Bee Gees
19%
12The Supremes
17%
9Usher
14%
10Stevie Wonder
13%
7Phil Collins
8%

Score Distribution

Percentile by Number Answered

Percent of People with Each Score

Your Score History

You have not taken this quiz